000 00833nas a2200277 4500
001 BR2018001938
003 BR-BrBNA
005 20231205131417.0
007 ta
008 230509b bl.|||p| |||| 00| 00por d
040 _aBR-BrBNA
_bpor
_cBiblioteca Nacional de Agricultura
041 _a(Pt)
072 _aK70
100 1 _aBatista, A.C.
100 1 _aBeutling, A.
100 1 _aPereira, J.F.
245 1 _aEstimativa do comportamento do fogo em queimas experimentais sob povoamentos de Pinus elliottii
650 _aPINHEIRO
650 _aQUEIMADA
650 _aFOGO
650 _aINCENDIO FLORESTAL
650 _aPOVOAMENTO FLORESTAL
773 0 _tRevista Árvore (Brazil)
_xISSN 0100-6762
_g(Sep-Oct 2013), v. 37(5) p. 779-787
_wBR2018001938
909 _a202311
_bLúcia
_c55
_dLúcia Elande
942 _2AGRIS
_n0
_cANA
999 _c254654
_d254654